00577nam a2200169Ia 4500008004100000020001500041041001200056082001600068100001800084245006300102260002500165300000800190650001500198942000700213999001500220952017200235221030s9999 xx 000 0 und d a0074603698 aEnglish a105.23bSub aK. Subramanya 0aTheory & Applicaitons of Fluid Mechanciscby K. Subramanya bTMHaNew Delhic2001 a752 aMechanical cBK c2708d2708 pBE 4850g260.00l0o105.23 Subr2024-06-13 00:00:00w2022-10-30yBK003Print4070aMIETLIBbMIETLIBcBL-Academic Bolck C, FL-2, CUP-160, SH-4, R-4d2002-03-1810HBE